000 00893cam a22002531 4500
001 gs 15001038
003 DLC
005 20260227111319.0
008 760803s1915 oncbf b 000 0 eng
010 _ags 15001038
035 _a(OCoLC)2351500
040 _aDLC
_cOTU
_dNSbSU
_dDLC
050 0 0 _aQE185
_b.A2 no. 34
051 _aQE665
_b.S6
_cCopy 2.
100 1 _aStauffer, Clinton R.
_q(Clinton Raymond),
_d1875-
245 1 4 _aThe Devonian of southwestern Ontario,
_cby Clinton R. Stauffer.
260 _aOttawa,
_bGovernment printing bureau,
_c1915.
300 _a1 p. 1., v, 341 p. incl. xx pl.
_bfold. map (in pocket)
_c25 cm.
490 1 _aCanada. Geological survey. Memoir 34; Geological series
_vno. 63
504 _aBibliography: p. 259-270.
650 0 _aGeology, Stratigraphic
_yDevonian.
650 0 _aGeology
_zOntario.
830 0 _aMemoir (Geological Survey of Canada) ;
_v34
999 _c25620
_d25620